Future buddha : (Record no. 135117)

MARC details
000 -LEADER
fixed length control field 00599nam a22002177a 4500
005 - DATE AND TIME OF LATEST TRANSACTION
control field 20170124110240.0
010 ## - LIBRARY OF CONGRESS CONTROL NUMBER
LC control number A-550013
020 ## - INTERNATIONAL STANDARD BOOK NUMBER
Terms of availability 00.00
035 ## - SYSTEM CONTROL NUMBER
System control number A-550013
037 ## - SOURCE OF ACQUISITION
Source of stock number/acquisition Cen Lib/Ret
040 ## - CATALOGING SOURCE
Original cataloging agency DPL
Language of cataloging EN
082 ## - DEWEY DECIMAL CLASSIFICATION NUMBER
Classification number 250.33
Item number MER
100 ## - MAIN ENTRY--PERSONAL NAME
Personal name Merani, Shabhu T.
9 (RLIN) 94485
245 ## - TITLE STATEMENT
Title Future buddha :
Statement of responsibility, etc by Shambhu T. Merani
Remainder of title Bodhisttava /
260 ## - PUBLICATION, DISTRIBUTION, ETC. (IMPRINT)
Place of publication, distribution, etc Delhi
Name of publisher, distributor, etc U D H Publishers
270 ## - ADDRESS
City Delhi
Address 4078, Nai Sadak
Postal code 110006
300 ## - PHYSICAL DESCRIPTION
Extent 99p.:
Dimensions 27cm(Hb)
Other physical details ill.
650 ## - SUBJECT ADDED ENTRY--TOPICAL TERM
Topical term or geographic name as entry element Arts
9 (RLIN) 94486
650 ## - SUBJECT ADDED ENTRY--TOPICAL TERM
Topical term or geographic name as entry element Buddhist art
9 (RLIN) 39125
942 ## - ADDED ENTRY ELEMENTS (KOHA)
Source of classification or shelving scheme Dewey Decimal Classification
Koha item type English Books
Classification part 250.33
Call number suffix MER
Holdings
Withdrawn status Lost status Damaged status Not for loan Collection code Home library Current library Date acquired Source of acquisition Cost, normal purchase price Total Checkouts Full call number Barcode Date last seen Copy number Cost, replacement price Price effective from Koha item type Source of classification or shelving scheme Coded location qualifier
      Not For Loan Reference Central Library Central Library 01/10/2015 Cen Lib/Ret 0.00   250.33 MER A-550013 01/10/2015 1 0.00 01/10/2015 English Books    
          Central Library Central Library 01/12/2016 Cen Lib/Ret 0.00   250.33 MER A-550073 01/12/2016 2 0.00 01/12/2016 English Books Dewey Decimal Classification 2

© Delhi Public Library
Hit Counter
free hit counter